[Event "IECG CP.2001.P.00088"]
[Site "IECG email"]
[Date "2001.10.01"]
[Round "?"]
[White "Horbach, Frank"]
[Black "Paisley, Matthew"]
[Result "1-0"]
[WhiteElo "1831"]
[BlackElo "995"]
[PlyCount "67"]
[EventDate "2001.10.01"]
[EventType "tourn (corr)"]
[EventRounds "6"]
[SourceTitle "Corr 2008"]
[Source "ChessBase"]
[SourceDate "2008.06.24"]
[SourceVersion "1"]
[SourceVersionDate "2008.06.24"]
[SourceQuality "1"]

1. f4 d5 2. Nf3 Nf6 3. e3 Bg4 4. b3 e6 5. Bb2 Bd6 6. Be2 0-0 7. 0-0 Nc6 8. c4 a6 9. Ne5 Bxe2 10. Qxe2 Ne7 11. d3 c5 12. Nd2 b5 13. cxb5 axb5 14. a4 b4 15. Ndf3 Qb6 16. Rfc1 Rfc8 17. Ng5 Rf8 18. Kh1 h6 19. Ngf3 Ra5 20. e4 Rfa8 21. Re1 Nh5 22. g3 Bxe5 23. fxe5 Qa6 24. exd5 exd5 25. Nh4 g6 26. e6 Rf8 27. g4 Ng7 28. Bf6 Nc6 29. Nf5 gxf5 30. gxf5 fxe6 31. Bxg7 Nd4 32. Bxd4 Rxf5 33. Rg1+ Kf8 34. Raf1 1-0

[Event "IECG CP.2001.P.00088"]
[Site "IECG email"]
[Date "2001.10.01"]
[Round "?"]
[White "Paisley, Matthew"]
[Black "Bengtsson, Ulf"]
[Result "1/2-1/2"]
[WhiteElo "995"]
[BlackElo "1987"]
[PlyCount "86"]
[EventDate "2001.10.01"]
[EventType "tourn (corr)"]
[EventRounds "6"]
[SourceTitle "Corr 2008"]
[Source "ChessBase"]
[SourceDate "2008.06.24"]
[SourceVersion "1"]
[SourceVersionDate "2008.06.24"]
[SourceQuality "1"]

1. e4 c5 2. Nf3 Nc6 3. d4 cxd4 4. Nxd4 Nf6 5. Nc3 e5 6. Ndb5 d6 7. Bg5 a6 8. Bxf6 gxf6 9. Na3 f5 10. Bc4 Ra7 11. 0-0 b5 12. Bd5 Ne7 13. Qh5 Nxd5 14. Nxd5 fxe4 15. c4 Be6 16. Rfd1 Rb7 17. cxb5 axb5 18. Rac1 Bxd5 19. Rxd5 Qd7 20. Rcd1 Be7 21. Qe2 Rg8 22. Nxb5 Rg6 23. b3 Qh3 24. Qxe4 f5 25. Kh1 fxe4 26. gxh3 Rf6 27. Kg2 Rf4 28. R1d2 Rd7 29. Nxd6+ Bxd6 30. Rxd6 Rg7+ 31. Kh1 e3 32. Rd8+ Kf7 33. R2d7+ Ke6 34. Rxg7 exf2 35. Rd1 f1Q+ 36. Rxf1 Rxf1+ 37. Kg2 Rc1 38. a4 Rc2+ 39. Kg1 Rc1+ 40. Kg2 Rc2+ 41. Kg1 Rc1+ 42. Kf2 Rc2+ 43. Kg1 Rc1+ 1/2-1/2

[Event "IECG CF.2001.0.00003 email"]
[Site "IECG email"]
[Date "2001.05.20"]
[Round "?"]
[White "Makowski, Dmitri"]
[Black "Paisley, Matthew"]
[Result "0-1"]
[WhiteElo "1000"]
[BlackElo "963"]
[PlyCount "24"]
[EventDate "2001.05.20"]
[EventType "tourn (corr)"]
[EventRounds "6"]
[SourceTitle "Corr 2008"]
[Source "ChessBase"]
[SourceDate "2008.06.24"]
[SourceVersion "1"]
[SourceVersionDate "2008.06.24"]
[SourceQuality "1"]

1. e4 e5 2. Qh5 Nc6 3. Bb5 Nf6 4. Qf5 g6 5. Nc3 gxf5 6. exf5 Nd4 7. Nf3 Nxc2+ 8. Ke2 Nxa1 9. Nxe5 Nc2 10. g4 Nd4+ 11. Ke3 Bc5 12. Rg1 Nxb5+ 0-1

[Event "IECG CF.2001.0.00003 email"]
[Site "IECG email"]
[Date "2001.05.20"]
[Round "?"]
[White "Paisley, Matthew"]
[Black "Andre, Ricardo"]
[Result "0-1"]
[WhiteElo "963"]
[BlackElo "800"]
[PlyCount "88"]
[EventDate "2001.05.20"]
[EventType "tourn (corr)"]
[EventRounds "6"]
[SourceTitle "Corr 2008"]
[Source "ChessBase"]
[SourceDate "2008.06.24"]
[SourceVersion "1"]
[SourceVersionDate "2008.06.24"]
[SourceQuality "1"]

1. e4 Nf6 2. e5 Nd5 3. d4 c6 4. c4 Nc7 5. Nf3 g6 6. Be2 c5 7. d5 d6 8. 0-0 dxe5 9. Nxe5 Bg7 10. Nd3 Nba6 11. Bf3 0-0 12. Nc3 e6 13. Qb3 exd5 14. cxd5 Rb8 15. Bf4 Bf5 16. Rfd1 Bxd3 17. Rxd3 b5 18. Re3 c4 19. Qd1 Nc5 20. Bxc7 Qxc7 21. d6 Qd8 22. Nd5 Nd3 23. Ne7+ Kh8 24. Nc6 Qxd6 25. Nxb8 Qxb8 26. Rb1 Nxb2 27. Qc2 Na4 28. Bd5 Bd4 29. Re4 Qb6 30. Rxb5 Bxf2+ 31. Qxf2 Qxb5 32. Bxc4 Qb6 33. Re7 f6 34. Rxa7 Nc5 35. Re7 Rd8 36. Rf7 Rd1+ 37. Bf1 f5 38. Rf8+ Kg7 39. Re8 h5 40. a3 Qd6 41. Qb2+ Kf7 42. Rh8 Rxf1+ 43. Kxf1 Qd1+ 44. Kf2 Nd3+ 0-1

[Event "IECG CP.2000.P.00060"]
[Site "IECG email"]
[Date "2000.10.01"]
[Round "?"]
[White "Paisley, Matthew"]
[Black "Janning, Henning"]
[Result "0-1"]
[WhiteElo "800"]
[BlackElo "1413"]
[PlyCount "48"]
[EventDate "2000.10.01"]
[EventType "tourn (corr)"]
[EventRounds "6"]
[EventCountry "NED"]
[SourceTitle "Corr 2008"]
[Source "ChessBase"]
[SourceDate "2008.06.24"]
[SourceVersion "1"]
[SourceVersionDate "2008.06.24"]
[SourceQuality "1"]

1. e4 e6 2. d4 b5 3. Bxb5 Bb7 4. Qf3 f5 5. Nd2 Nf6 6. Qb3 Nc6 7. Ne2 fxe4 8. 0-0 Be7 9. c4 0-0 10. Qc3 Rb8 11. Nb3 Bd6 12. Bf4 Bxf4 13. Nxf4 Ng4 14. Qg3 Nh6 15. Rae1 Nf5 16. Qc3 Nh4 17. Ne2 Nxg2 18. Kxg2 Rf3 19. Qc1 Nb4 20. Nc5 Nd3 21. Qd1 Qf6 22. Nxd3 Rxd3 23. Qa4 Qf3+ 24. Kg1 e3 0-1

[Event "IECG CN.2000.0.00213"]
[Site "IECG email"]
[Date "2000.09.18"]
[Round "?"]
[White "Paisley, Matthew"]
[Black "Gabaldon Segovia, Jose"]
[Result "0-1"]
[WhiteElo "800"]
[BlackElo "800"]
[PlyCount "72"]
[EventDate "2000.09.18"]
[EventType "tourn (corr)"]
[EventRounds "6"]
[SourceTitle "Corr 2008"]
[Source "ChessBase"]
[SourceDate "2008.06.24"]
[SourceVersion "1"]
[SourceVersionDate "2008.06.24"]
[SourceQuality "1"]

1. e4 e5 2. d4 exd4 3. c3 d5 4. Qxd4 dxe4 5. Qxe4+ Be7 6. Qe5 Nf6 7. Bf4 c5 8. Nf3 0-0 9. Bb5 a6 10. Be2 Re8 11. Qc7 Nd5 12. Qxd8 Bxd8 13. Bd6 b5 14. Nbd2 Bb7 15. Nb3 Bb6 16. Rd1 Nd7 17. Nc1 Rad8 18. 0-0 N7f6 19. Bg3 c4 20. Rfe1 Ne4 21. Bh4 f6 22. a4 g5 23. Bg3 h5 24. Nd4 h4 25. Bf3 Ndxc3 26. bxc3 Nxc3 27. Rxe8+ Rxe8 28. Bxb7 Nxd1 29. Nde2 hxg3 30. hxg3 Nxf2 31. Bxa6 Ne4+ 32. Kh2 Kg7 33. Ng1 Bxg1+ 34. Kxg1 bxa4 35. Bb5 Rb8 36. Bxa4 Rb1 0-1

[Event "IECG CN.2000.0.00213"]
[Site "IECG email"]
[Date "2000.09.18"]
[Round "?"]
[White "Paisley, Matthew"]
[Black "Vonk, Marcel"]
[Result "1/2-1/2"]
[WhiteElo "800"]
[BlackElo "800"]
[PlyCount "78"]
[EventDate "2000.09.18"]
[EventType "tourn (corr)"]
[EventRounds "6"]
[SourceTitle "Corr 2008"]
[Source "ChessBase"]
[SourceDate "2008.06.24"]
[SourceVersion "1"]
[SourceVersionDate "2008.06.24"]
[SourceQuality "1"]

1. e4 e5 2. d4 exd4 3. c3 dxc3 4. Bc4 cxb2 5. Bxb2 d5 6. Bxd5 Bb4+ 7. Nd2 Bxd2+ 8. Qxd2 Nf6 9. Rd1 Nxd5 10. Ba3 Qf6 11. exd5 Bg4 12. f3 Bf5 13. Qe3+ Kd8 14. d6 Qe6 15. Qxe6 Bxe6 16. Rd2 Re8 17. Kf2 Nd7 18. Nh3 cxd6 19. Bxd6 Rc8 20. Ng5 h6 21. Nxe6+ Rxe6 22. Bf8 g5 23. Rhd1 Rc7 24. Bd6 Rc8 25. h4 f5 26. Bg3 Re7 27. hxg5 hxg5 28. f4 Ke8 29. fxg5 Nc5 30. Kf3 Ne4 31. Rd3 Nxg5+ 32. Kf4 Ne4 33. Bh4 Nc5 34. Rg3 Ne6+ 35. Kxf5 Rc5+ 36. Kg4 Rc4+ 37. Kh3 Nf4+ 38. Kh2 Re2 39. Bg5 Nxg2 1/2-1/2

[Event "IECG CN.2000.0.00213"]
[Site "IECG email"]
[Date "2000.09.18"]
[Round "?"]
[White "Venturas, Bob"]
[Black "Paisley, Matthew"]
[Result "1/2-1/2"]
[WhiteElo "561"]
[BlackElo "800"]
[PlyCount "67"]
[EventDate "2000.09.18"]
[EventType "tourn (corr)"]
[EventRounds "6"]
[SourceTitle "Corr 2008"]
[Source "ChessBase"]
[SourceDate "2008.06.24"]
[SourceVersion "1"]
[SourceVersionDate "2008.06.24"]
[SourceQuality "1"]

1. e4 d5 2. exd5 Nf6 3. Nc3 e6 4. dxe6 Bxe6 5. a3 Bc5 6. h3 0-0 7. d3 Qd4 8. Be3 Qd6 9. Nb5 Qe7 10. d4 Bb6 11. Qf3 Nd5 12. Ne2 c6 13. Nbc3 Nxe3 14. Qxe3 Re8 15. 0-0-0 c5 16. d5 Bd7 17. Qxe7 Rxe7 18. d6 Re5 19. Nd5 Nc6 20. Nec3 Nd4 21. Bc4 Rd8 22. Rhe1 Rxe1 23. Rxe1 Kf8 24. Re7 Be6 25. Nxb6 axb6 26. Bxe6 fxe6 27. Ne4 Rxd6 28. Rxb7 Ne2+ 29. Kb1 Rd1+ 30. Ka2 Nc1+ 31. Kb1 Ne2+ 32. Ka2 Nc1+ 33. Kb1 Ne2+ 34. Ka2 1/2-1/2

[Event "IECG QN.2000.0.00131"]
[Site "IECG email"]
[Date "2000.08.02"]
[Round "?"]
[White "Reber, Michael"]
[Black "Paisley, Matthew"]
[Result "1-0"]
[WhiteElo "944"]
[BlackElo "800"]
[PlyCount "61"]
[EventDate "2000.08.02"]
[EventType "tourn (corr)"]
[EventRounds "6"]
[SourceTitle "Corr 2008"]
[Source "ChessBase"]
[SourceDate "2008.06.24"]
[SourceVersion "1"]
[SourceVersionDate "2008.06.24"]
[SourceQuality "1"]

1. d4 d5 2. c4 Nf6 3. Nf3 e6 4. Nc3 Nc6 5. Bg5 Be7 6. e3 Ne4 7. Bxe7 Qxe7 8. Rc1 Bd7 9. cxd5 Nxc3 10. bxc3 exd5 11. Qb3 Rb8 12. Qxd5 Be6 13. Qg5 Qxg5 14. Nxg5 Bxa2 15. Ra1 h6 16. Nf3 Bd5 17. Nd2 0-0 18. c4 Be6 19. d5 Nb4 20. Ra4 Nxd5 21. cxd5 Bxd5 22. Rxa7 c5 23. e4 Rfe8 24. Bb5 Re7 25. f3 f5 26. Kf2 fxe4 27. Re1 Rf8 28. Bd3 exd3 29. Rxe7 c4 30. Rc7 b5 31. Rxg7+ 1-0